000 00438nam a2200181Ia 4500
008 090124s9999 xx 000 0 und d
082 _b125921
100 _aराजे शैलजा
245 _a बंधन
250 _a2
260 _c1994
300 _a160
600 _aराजे शैलजा
630 _a बंधन
700 _aराजे शैलजा
730 _a बंधन
942 _cBOOK
999 _c172011
_d172011